Library of the University of Algiers 3
Ibrahim Sultan Cheibout
شعار جامعة الجزائر 3
مكتبة جامعة الجزائر 3
إبراهيم سلطان شيبوط

Manuel de journalisme : (رقم التسجيلة. 34371)

تفاصيل مارك
000 -LEADER
fixed length control field 00403nam a2200169Ia 4500
003 - CONTROL NUMBER IDENTIFIER
control field Ost
005 - DATE AND TIME OF LATEST TRANSACTION
control field 20260225132555.0
008 - FIXED-LENGTH DATA ELEMENTS--GENERAL INFORMATION
fixed length control field 260225s9999||||xx |||||||||||||| ||und||
020 ## - INTERNATIONAL STANDARD BOOK NUMBER
International Standard Book Number 9782707143938
040 ## - CATALOGING SOURCE
Transcribing agency fsic
041 ## - LANGUAGE CODE
Language code of text/sound track or separate title fre
082 ## - DEWEY DECIMAL CLASSIFICATION NUMBER
Classification number 440
100 ## - MAIN ENTRY--PERSONAL NAME
Personal name Angnès Yves
Relator term Auteur
245 #0 - TITLE STATEMENT
Title Manuel de journalisme :
245 #0 - TITLE STATEMENT
Remainder of title écrire pour le journale /
Statement of responsibility, etc. Angnès Yves
942 ## - ADDED ENTRY ELEMENTS (KOHA)
Koha item type كتب
المقتنيات
Withdrawn status Lost status Source of classification or shelving scheme Damaged status Not for loan Home library Current library Date acquired Serial enumeration / chronology Inventory number Total checkouts Full call number Barcode Date last seen Price effective from Koha item type
    Dewey Decimal Classification   NOT LOAN / إعارة داخلية مكتبة كلية علوم الإعلام والاتصال مكتبة كلية علوم الإعلام والاتصال 25/02/2026 Salle de prêt J36853   FJ3158/1 J36853 25/02/2026 25/02/2026 كتب
    Dewey Decimal Classification   Available مكتبة كلية علوم الإعلام والاتصال مكتبة كلية علوم الإعلام والاتصال 25/02/2026 Salle de prêt J36854   FJ3158/2 J36854 25/02/2026 25/02/2026 كتب
    Dewey Decimal Classification   Available مكتبة كلية علوم الإعلام والاتصال مكتبة كلية علوم الإعلام والاتصال 25/02/2026 Salle de prêt J36855   FJ3158/3 J36855 25/02/2026 25/02/2026 كتب

موارد الويب المفتوحة


© University of Algiers 3 All Rights Reserved
|
Implemented by LECHELAH Riad